| 000 | 00667nam a22002297a 4500 | ||
|---|---|---|---|
| 005 | 20170124110152.0 | ||
| 010 | _aB-024074 | ||
| 020 | _c00.00 | ||
| 035 | _aB-024074 | ||
| 037 | _bCen Lib/Ret | ||
| 040 |
_aDPL _bEN |
||
| 082 |
_a658.15 _bPAN |
||
| 100 |
_aPandey, I. M. _934175 |
||
| 245 |
_aElements of management accounting / _cby I. M. Pandey |
||
| 260 |
_aNew Delhi _bVikas Publishing House _c1985 |
||
| 270 |
_bNew Delhi _a576 Masjid Road, Jangpura |
||
| 300 |
_a461p. _c20cm(Hb) |
||
| 490 | _aAIMA-Vikas management series | ||
| 650 |
_aManagerial accounting _934176 |
||
| 650 |
_aManagement _93072 |
||
| 942 |
_2ddc _cEN _h658.15 _mPAN |
||
| 999 |
_c132267 _d132267 |
||